ბათუმის შოთა რუსთაველის სახელმწიფო უნივერსიტეტის ბიბლიოთეკა

Путевые работы и машины. (ბიბ.ჩანაწერი № 47191)

000 -LEADER
fixed length control field 00678nam a2200217Ia 4500
001 - CONTROL NUMBER
control field 14050
003 - CONTROL NUMBER IDENTIFIER
control field GE_BSU
008 - FIXED-LENGTH DATA ELEMENTS--GENERAL INFORMATION
fixed length control field 181216s||||||||xx |||||||||||||| ||und||
040 ## - CATALOGING SOURCE
Transcribing agency GE_BSU
080 ## - UNIVERSAL DECIMAL CLASSIFICATION NUMBER
Universal Decimal Classification number 625.17(075)
100 ## - MAIN ENTRY--PERSONAL NAME
Personal name Альбрехт,В.Г. Дановский,Л.М. Колесников,П.И. и др.
245 ## - TITLE STATEMENT
Title Путевые работы и машины.
245 ## - TITLE STATEMENT
Remainder of title Учеб.
245 ## - TITLE STATEMENT
Statement of responsibility, etc. Под ред. Г.В.Лидерса.
260 ## - PUBLICATION, DISTRIBUTION, ETC.
Place of publication, distribution, etc. М.
260 ## - PUBLICATION, DISTRIBUTION, ETC.
Name of publisher, distributor, etc. Транспорт.
260 ## - PUBLICATION, DISTRIBUTION, ETC.
Date of publication, distribution, etc. 1969.
300 ## - PHYSICAL DESCRIPTION
Extent 287 стр. 22 см. с илл. Библиогр.: стр. 283..
653 ## - INDEX TERM--UNCONTROLLED
Uncontrolled term Путевые работы и машины.
942 ## - ADDED ENTRY ELEMENTS (KOHA)
Koha item type წიგნი
ეგზემპლარები
Withdrawn status Lost status Damaged status Not for loan Date acquired Barcode Date last seen Price effective from Koha item type
        2018-12-17 11656 2018-12-17 2018-12-17 წიგნი
        2018-12-17 11657 2018-12-17 2018-12-17 წიგნი